书目信息 |
| 题名: |
数字图象处理学
|
|
| 作者: | 普拉特 著 ;高荣坤 译 | |
| 分册: | ||
| 出版信息: | 北京 科学出版社 1984.9 |
|
| 页数: | 478页 | |
| 开本: | 16 | |
| 丛书名: | ||
| 单 册: | ||
| 中图分类: | TP14 | |
| 科图分类: | ||
| 主题词: | ||
| 电子资源: | ||
| ISBN: | ||
| 000 | 00522nam0 2200193 45 | |
| 001 | 0181022051 | |
| 005 | 20061125110315.95 | |
| 010 | @dCNY8.40 | |
| 100 | @a20810111d km y0chiy0120 ea | |
| 101 | 0 | @achi |
| 105 | @a z 000yy | |
| 200 | 1 | @Ashu zi tu xiang chu li xue@Fpu la te@a数字图象处理学@f(美)普拉特著@g高荣坤等译 |
| 210 | @a北京@c科学出版社@d1984.9 | |
| 215 | @a478页@c无图表@d16 | |
| 690 | @aTP14 | |
| 701 | 0 | @a普拉特@4著 |
| 702 | 0 | @a高荣坤@4译 |
| 801 | @aCN@bTSTC@c20061125 | |
| 905 | @dTP14@e24@f1@b127103 | |
| 数字图象处理学/(美)普拉特著/高荣坤等译.-北京:科学出版社,1984.9 |
| 478页:无图表;16 |
| ISBN :CNY8.40 |
| ● |
| 相关链接 |
|
|
|
|
正题名:数字图象处理学
索取号:TP14/24
 
预约/预借
| 序号 | 登录号 | 条形码 | 馆藏地/架位号 | 状态 | 备注 |
| 1 | 0127103 | 202122005 | 第二样本阅览室/ [索取号:TP14/24] | 在馆 |